The traditions of French prose style : a rhetorical study /

Bibliographic Details
Main Author: Houston, John Porter
Format: Book
Language:English
Published: Baton Rouge : Louisiana State University Press, [1981]
Subjects:

MARC

Tag First Indicator Second Indicator Subfields
LEADER 00000pam a2200000 a 4500
001 in00000076246
005 20151008060509.0
008 801202s1981 lau b 00110 engm
010 |a  80027871  
020 |a 0807108588 :  |c $30.00 
035 |a (OCoLC)07170860 
035 |9 AAJ5883AM 
040 |a DLC  |c DLC  |d m.c.  |d TXA  |d UtOrBLW 
043 |a e-fr--- 
049 |a TXAM  |c [1673061] 
050 0 0 |a PQ611  |b .H6 
082 0 |a 848/.08  |2 19 
100 1 |a Houston, John Porter. 
245 1 4 |a The traditions of French prose style :  |b a rhetorical study /  |c John Porter Houston. 
264 1 |a Baton Rouge :  |b Louisiana State University Press,  |c [1981] 
264 4 |c ©1981 
300 |a xii, 278 pages ;  |c 24 cm. 
336 |a text  |b txt  |2 rdacontent 
337 |a unmediated  |b n  |2 rdamedia 
338 |a volume  |b nc  |2 rdacarrier 
504 |a Includes bibliographical references and index. 
650 0 |a French prose literature  |x History and criticism. 
650 0 |a French language  |x Rhetoric. 
999 |a MARS 
999 f f |s 5a225d05-30d0-3bde-9212-fb23d52d3d67  |i 340036b2-51cb-33aa-ad86-5e5d75280e28  |t 0 
952 f f |p ric  |a Texas A&M University  |b Rellis Campus  |c Joint Library Facility  |d Remote Storage  |t 0  |e PQ611 .H6  |h Library of Congress classification  |i unmediated -- volume  |m A14829945664 
998 f f |a PQ611 .H6  |t 0  |l Remote Storage